000 00614 a2200193 4500
008 220624b ||||| |||| 00| 0 eng d
020 _a9789966530448
020 _a9966530448
050 _aKSK956
_b.L35 2017
100 _aLaibuta, Kibaya Imaana
245 _aA handbook of company law /
_bKibaya Imaana Laibuta,
250 _aRevised edition.
260 _bLawAfrica Publishing (K) Ltd.,
_c2017.
_aNairobi, Kenya :
300 _axl, 543 pages ;
_c26 cm
500 _aIncludes bibliographical references and index.
650 _aCorporation law
_zKenya.
650 _z |z Kenya.
942 _cBK
_2lcc
999 _c58074
_d58074